Northumberland A-Z - Statistics

General Stats
  • This quiz has been taken 91 times
    11 since last reset
  • The average score is 21 of 26
Answer Stats
Hint Answer % Correct
A Town home to an impressive castle Alnwick
100%
G Someone from Newcastle is a ______ Geordie
100%
L Holy Island Lindisfarne
100%
U Football club Newcastle {United}
100%
Y Village named in 1777 New {York}
100%
B Town near the Scottish border Berwick-upon-Tweed
88%
D TV presenters from Newcastle: Ant and ___ Dec
88%
H Northern limit of the Roman world Hadrian's Wall
88%
M County town Morpeth
88%
P 'Barbarians' who lived north of H Picts
88%
Q Riverside area in Newcastle shared with Gateshead Quayside
88%
S Iconic tree on H; cut down by vandals Sycamore Gap tree
88%
T River on the border with County Durham Tyne
88%
V People who raided L in 793 Vikings
88%
W Seaside resort town; home to the Spanish City Whitley Bay
88%
I Joseph Swan first demonstrated this kind of lightbulb in 1879 Incandescent
75%
N Anglo-Saxon kingdom that stretched from the Humber to the Forth Northumbria
75%
E Railway line that crosses the county East Coast Main Line
63%
J Affluent suburb of Newcastle Jesmond
63%
K Largest reservoir in the UK Kielder Water
63%
O Saint; king of N Oswald
63%
R Bordering Scottish county Roxburghshire
63%
C Highest point The {Cheviot}
63%
X Roman legion that helped build H {XX} Valeria Victrix
63%
Z Style of decoration found in Anglo-Saxon manuscripts produced on L {Zoo}morphic
63%
F Seventeen Going Under singer-songwriter from North Shields Sam Fender
50%
No matching quizzes found
Score Distribution
Percent of People with Each Score
Percentile by Number Answered
Your Score History
You have not taken this quiz since the last reset